000 00540nam a22001817a 4500
005 20231109131310.0
008 231109b |||||||| |||| 00| 0 eng d
020 _a0702149217
041 _aEnglish
082 _a346.2 CHR
100 _aChristie, RH
_lEnglish
245 _aBusiness Law in Zimbabwe /
_cRH Christie
250 _aSecond Edition
260 _aCape Town :
_bJuta and Company Ltd,
_c1998
300 _blxxxiii, 546 pages ;
_c26 cm.
650 _aLegal practice
_bLaw
942 _cBK
_6ALISON_BN_VRIES
999 _c482
_d482